00257pab a2200109 454500008004000000100002300040245002500063260000900088300001300097362000800110773002900118180718b2015 xxu||||| |||| 00| 0 eng d aMankiw, N. Gregory aYes, r > g. So what? c2015 ap.43-47. aMay aAmerican Economic Review